| 000 | 00605nam a2200145Ia 4500 | ||
|---|---|---|---|
| 008 | 260210s9999 xx 000 0 und d | ||
| 024 | _a17B-085-SE, 17B-093-SE, 17B-095-SE, 17B-103-SE & 17B-128-SE | ||
| 082 | _a006.9072 MUB | ||
| 100 | _aMubashir Ahmed, Muhammad Ali, Shaheer Bin Afaq, Syeda Zunaira Ahmed & Hamza Anwer | ||
| 245 | 0 | _aCarex Appointments System | |
| 260 |
_aKarachi: _bUITU, _c2017 |
||
| 600 | _aSoftware Engineering | ||
| 650 | _aBachelor of Computer Science (BS) | ||
| 856 |
_uhttps://drive.google.com/file/d/17DdiZNnWg9mBKUrZdt3ICxNKLjXjbC2b/view?usp=sharing _yClick here for PDF |
||
| 999 |
_c33462 _d33462 |
||